000 00822nam a2200277 a 4500
001 vtls001401464
003 NLI
005 20210627113000.0
008 121127s1955 enk 001 0 eng
020 _cRs. 105.00
039 9 _y201211272011
_zVLOAD
040 _aNLI
_beng
_cDatasoft_2012
_eAACR2
041 0 _aeng
044 _a enk
082 0 4 _a 595.77
100 1 _aHorsfall, William Robert,
_d1908-
_9975642
245 1 0 _aMosquitoes :
_btheir bionomics and relation to disease /
_cby William R. Horsfall
260 _aLondon :
_bConstable and company,
_c1955
300 _aviii, 723 p. ;
_c23 cm.
504 _aIncludes bibliographical references and index
650 0 _aMosquitoes
_9718874
887 _a
901 _a320028
_b12.03.1958
902 _aS.T 595.77 H 792
999 _aVIRTUA40
_c856314
_d856314
942 _2ddc
_cBKS